| 000 | 00519nam a2200181Ia 4500 | ||
|---|---|---|---|
| 008 | 230917s9999||||xx |||||||||||||| ||und|| | ||
| 020 | _cUSD 154.99 (RS 11556.05) | ||
| 040 |
_e5011914 _aMAIN |
||
| 041 | _aEnglish | ||
| 082 | _a576.58 H252P(4) | ||
| 100 | _aHartl, Daniel L | ||
| 245 | 0 | _aPrinciples of population genetics | |
| 250 | _a4th ed. | ||
| 260 |
_aSinauer Associates, Inc. Publishers _bSunderland _c2007 |
||
| 300 | _axv, 652 p. | ||
| 500 | _a4168 27/10/2021 RK22/1251 03/11/2021 UIET (SFS) | ||
| 942 | _cBK | ||
| 999 |
_c3245 _d3245 |
||